[Event "ENG-ch rapid (Women)"]
[Site "London"]
[Date "2019.12.07"]
[Round "4"]
[White "Orlovska, Madara"]
[Black "Jurkiewicz, Katarzyna"]
[Result "1/2-1/2"]
[WhiteElo "2080"]
[BlackElo "2172"]
[PlyCount "164"]
[EventDate "2019.12.07"]
[EventType "swiss (rapid)"]
[EventRounds "7"]
[EventCountry "ENG"]
[SourceTitle "CBM 195 Extra"]
[Source "ChessBase"]
[SourceDate "2020.05.31"]
[SourceVersion "1"]
[SourceVersionDate "2020.05.31"]
[SourceQuality "1"]

1. e4 d6 2. d4 g6 3. Nc3 Bg7 4. Be3 c6 5. Qd2 b5 6. f3 Nd7 7. Bd3 Nb6 8. Nce2 Nc4 9. Bxc4 bxc4 10. g4 d5 11. e5 f6 12. exf6 exf6 13. Ng3 Ne7 14. h4 h5 15. gxh5 gxh5 16. N1e2 Nf5 17. Nxf5 Bxf5 18. Ng3 Be6 19. Rg1 Qd7 20. Kf2 Kf7 21. Ne2 Rag8 22. Rg3 Bf8 23. Rag1 Rxg3 24. Rxg3 Bd6 25. Rg1 Bf5 26. Bh6 Rg8 27. Rxg8 Kxg8 28. c3 c5 29. Nf4 cxd4 30. Nxd5 dxc3 31. Nxf6+ Kf7 32. Qxc3 Bc5+ 33. Kg2 Qd4 34. Qxd4 Bxd4 35. Nxh5 Bxb2 36. Ng3 Bb1 37. a4 c3 38. Be3 a6 39. Bd4 Kg6 40. Ne2 Bc2 41. a5 Bd3 42. Nxc3 Bxc3 43. Bxc3 Kf5 44. Kg3 Bc2 45. Bd2 Bd3 46. h5 Kf6 47. Kf4 Bc2 48. Bc3+ Kf7 49. Kg5 Bh7 50. f4 Bg8 51. Kh6 Kf8 52. Bb4+ Kf7 53. f5 Kf6 54. Bc3+ Kf7 55. Bd4 Kf8 56. Be5 Kf7 57. Bg7 Ke8 58. Kg6 Bf7+ 59. Kg5 Bg8 60. Kf6 Bh7 61. Bh6 Kd8 62. Bg5 Ke8 63. Bh6 Kd8 64. Bg5 Ke8 65. Kg7 Bxf5 66. h6 Kd7 67. h7 Bxh7 68. Kxh7 Kc6 69. Be3 Kb7 70. Kg6 Kb8 71. Kf6 Kc7 72. Ke6 Kc6 73. Ke5 Kc7 74. Kd5 Kb7 75. Bb6 Kb8 76. Kc6 Ka8 77. Bc7 Ka7 78. Bd8 Ka8 79. Kb6 Kb8 80. Kxa6 Ka8 81. Bb6 Kb8 82. Ba7+ Ka8 1/2-1/2

[Event "BCF-chT1a 1617 (4NCL)"]
[Site "England"]
[Date "2017.01.14"]
[Round "3.24"]
[White "Jurkiewicz, Katarzyna"]
[Black "Wadsworth, Matthew J"]
[Result "1/2-1/2"]
[WhiteElo "2169"]
[BlackElo "2290"]
[PlyCount "129"]
[EventDate "2016.11.19"]
[EventType "team-tourn"]
[EventRounds "7"]
[EventCountry "ENG"]
[SourceTitle "EXT 2018"]
[Source "ChessBase"]
[SourceDate "2017.10.13"]
[SourceVersion "1"]
[SourceVersionDate "2017.10.13"]
[SourceQuality "1"]
[WhiteTeam "Celtic Tigers"]
[BlackTeam "Guildford II"]
[WhiteTeamCountry "ENG"]
[BlackTeamCountry "ENG"]

1. f4 d5 2. Nf3 Nf6 3. g3 c5 4. Bg2 Nc6 5. 0-0 g6 6. d3 Bg7 7. Qe1 0-0 8. Qf2 d4 9. e4 dxe3 10. Qxe3 Qb6 11. c3 Bf5 12. Nh4 Rad8 13. Nxf5 gxf5 14. h3 e6 15. Na3 Qc7 16. Rd1 b6 17. Nc4 Nd5 18. Qf3 b5 19. Ne3 b4 20. Nxd5 Rxd5 21. Bd2 Rfd8 22. Be1 Qb6 23. Kh2 R5d6 24. Qe3 Ne7 25. Rac1 Nd5 26. Bxd5 Rxd5 27. cxb4 Bd4 28. Qd2 cxb4 29. Qxb4 Rb5 30. Qc4 Rxb2+ 31. Rc2 Rxc2+ 32. Qxc2 Rb8 33. Rd2 Qb1 34. Bf2 Bxf2 35. Rxf2 Qxc2 36. Rxc2 Rb4 37. Kg2 Rd4 38. Rc3 Ra4 39. a3 Kf8 40. Kf2 Ke7 41. Ke3 Kd6 42. d4 Kd5 43. Rc5+ Kd6 44. Rc3 Ra6 45. g4 fxg4 46. hxg4 Ra5 47. g5 h6 48. gxh6 Rh5 49. Kf2 Rxh6 50. Rb3 Rh2+ 51. Kg3 Ra2 52. Kg4 Kd5 53. Kg5 Kxd4 54. Kf6 Rf2 55. Rb4+ Ke3 56. Ke5 f6+ 57. Kxf6 Rxf4+ 58. Rxf4 Kxf4 59. Kxe6 Ke4 60. Kd6 Kd4 61. Kc6 Kc4 62. a4 a6 63. Kd6 Kb4 64. Kd5 Kxa4 65. Kc4 1/2-1/2

[Event "POL-chT (Women) 5th"]
[Site "Wroclaw"]
[Date "2012.12.02"]
[Round "4"]
[White "Jurkiewicz, Katarzyna"]
[Black "Zawadzka, Magdalena"]
[Result "1-0"]
[WhiteElo "2169"]
[BlackElo "2059"]
[PlyCount "119"]
[EventDate "2012.11.30"]
[EventType "team-tourn"]
[EventRounds "4"]
[EventCountry "POL"]
[SourceTitle "EXT 2019"]
[Source "ChessBase"]
[SourceDate "2018.10.10"]
[SourceVersion "1"]
[SourceVersionDate "2018.10.10"]
[SourceQuality "1"]
[WhiteTeam "Jaworzno JKSz MCKiS (W)"]
[BlackTeam "Wroclaw Politechnika (W)"]
[WhiteTeamCountry "POL"]
[BlackTeamCountry "POL"]

1. f4 d5 2. Nf3 c5 3. g3 Nc6 4. Bg2 Nf6 5. 0-0 e6 6. d3 Be7 7. Qe1 0-0 8. c3 Rb8 9. Kh1 b5 10. Nbd2 b4 11. c4 d4 12. h3 Bb7 13. Qf2 Qc7 14. Re1 Rfd8 15. Nf1 Qd7 16. Bd2 Ne8 17. Rad1 Bf6 18. b3 g6 19. g4 Bg7 20. Ng3 a5 21. e4 dxe3 22. Bxe3 Nd4 23. Nxd4 Bxd4 24. Bxd4 Qxd4 25. Qxd4 Bxg2+ 26. Kxg2 Rxd4 27. Re4 Rd7 28. Re5 Rc8 29. Ne4 Rdc7 30. d4 cxd4 31. Rxd4 Ra7 32. Rb5 Kf8 33. Kf3 Ke7 34. Rd1 Rcc7 35. Rb8 f5 36. Ng5 Nf6 37. Rb6 Ne8 38. Rxe6+ Kf8 39. Rd8 Re7 40. Nxh7+ Rxh7 41. Rexe8+ Kf7 42. Kg3 a4 43. Ra8 axb3 44. axb3 Rd7 45. Red8 Re7 46. Rf8+ Kg7 47. Rg8+ Kf6 48. g5+ Kf7 49. Raf8+ Ke6 50. Re8 Kd6 51. Rxe7 Rxe7 52. Rxg6+ Kc5 53. Kf2 Re4 54. Rf6 Rxf4+ 55. Ke3 Re4+ 56. Kd3 Rd4+ 57. Kc2 Rh4 58. Rxf5+ Kd4 59. Rf3 Ke4 60. Rg3 1-0

[Event "EU-ch U20 Girls"]
[Site "Baku"]
[Date "2002.07.19"]
[Round "6"]
[White "Aghayeva, Shahana Mazahir Qiz"]
[Black "Jurkiewicz, Katarzyna"]
[Result "1-0"]
[WhiteElo "2123"]
[BlackElo "2190"]
[PlyCount "127"]
[EventDate "2002.07.14"]
[EventType "swiss"]
[EventRounds "11"]
[EventCountry "AZE"]
[SourceTitle "CBM 089 Extra"]
[Source "ChessBase"]
[SourceDate "2002.09.10"]
[SourceVersion "2"]
[SourceVersionDate "2002.09.10"]
[SourceQuality "1"]

1. e4 c5 2. c3 d6 3. d4 Nf6 4. Bd3 Nc6 5. Nf3 Bg4 6. d5 Bxf3 7. Qxf3 Ne5 8. Bb5+ Nfd7 9. Qg3 a6 10. Be2 Nf6 11. Nd2 b5 12. 0-0 g6 13. f4 Ned7 14. Bf3 Nb6 15. b3 Bg7 16. Rb1 Nfd7 17. c4 bxc4 18. bxc4 Na4 19. Rb3 0-0 20. Re1 Qc7 21. Bg4 Nf6 22. Ra3 Nxg4 23. Qxg4 Nb6 24. Rh3 Nd7 25. Qh4 h6 26. Nf3 Rfb8 27. e5 Nf8 28. Nd2 dxe5 29. fxe5 g5 30. Qe4 Qc8 31. Nb3 e6 32. d6 Nd7 33. Bb2 a5 34. Bc3 a4 35. Nd2 a3 36. Rf3 Qa6 37. Ref1 Rf8 38. Nb3 Rac8 39. Rb1 Nb6 40. Na5 Na4 41. Bd2 Rb8 42. Rxb8 Rxb8 43. Rxa3 f5 44. Qc6 Qxc6 45. Nxc6 Rb1+ 46. Kf2 Nb6 47. Ra7 Rb2 48. Ke1 Nxc4 49. d7 Rxd2 50. d8Q+ Rxd8 51. Nxd8 Bxe5 52. Nxe6 Bxh2 53. Nxc5 Bd6 54. Ne6 Be5 55. Ke2 g4 56. a4 h5 57. a5 h4 58. a6 f4 59. Rb7 Nd6 60. Rb8+ Kf7 61. a7 Kxe6 62. a8Q f3+ 63. gxf3 g3 64. Qa2+ 1-0

[Event "EU-ch U20 Girls"]
[Site "Baku"]
[Date "2002.07.??"]
[Round "11"]
[White "Milliet, Sophie"]
[Black "Jurkiewicz, Katarzyna"]
[Result "1/2-1/2"]
[WhiteElo "2173"]
[BlackElo "2190"]
[PlyCount "20"]
[EventDate "2002.07.14"]
[EventType "swiss"]
[EventRounds "11"]
[EventCountry "AZE"]
[SourceTitle "CBM 089 Extra"]
[Source "ChessBase"]
[SourceDate "2002.09.10"]
[SourceVersion "2"]
[SourceVersionDate "2002.09.10"]
[SourceQuality "1"]

1. Nf3 g6 2. g3 Bg7 3. Bg2 e5 4. e4 Nc6 5. 0-0 Nge7 6. Re1 0-0 7. c3 d5 8. d3 dxe4 9. dxe4 Qxd1 10. Rxd1 Rd8 1/2-1/2

[Event "POL-ch U20 Girls"]
[Site "Trzebinia"]
[Date "2002.04.20"]
[Round "11"]
[White "Jurkiewicz, Katarzyna"]
[Black "Pokojska, Daria"]
[Result "1-0"]
[WhiteElo "2175"]
[BlackElo "2082"]
[PlyCount "47"]
[EventDate "2002.04.12"]
[EventType "tourn"]
[EventRounds "11"]
[EventCountry "POL"]
[SourceTitle "CBM 087 Extra"]
[Source "ChessBase"]
[SourceDate "2002.05.03"]
[SourceVersion "2"]
[SourceVersionDate "2002.08.09"]
[SourceQuality "1"]

1. e4 c5 2. g3 g6 3. Bg2 Bg7 4. Ne2 Nc6 5. c3 e5 6. d3 d6 7. Be3 Nge7 8. 0-0 0-0 9. f4 f5 10. Nd2 Kh8 11. Kh1 Be6 12. fxe5 Nxe5 13. Nf4 Bg8 14. d4 Nc4 15. Nxc4 Bxc4 16. Re1 cxd4 17. Bxd4 Nc6 18. Bxg7+ Kxg7 19. exf5 Rxf5 20. Bxc6 bxc6 21. Qd4+ Qf6 22. Qxc4 d5 23. Qd4 Qxd4 24. cxd4 1-0

[Event "POL-ch U20 Girls"]
[Site "Trzebinia"]
[Date "2002.04.15"]
[Round "5"]
[White "Worek, Joanna"]
[Black "Jurkiewicz, Katarzyna"]
[Result "0-1"]
[WhiteElo "2225"]
[BlackElo "2175"]
[PlyCount "151"]
[EventDate "2002.04.12"]
[EventType "tourn"]
[EventRounds "11"]
[EventCountry "POL"]
[SourceTitle "CBM 087 Extra"]
[Source "ChessBase"]
[SourceDate "2002.05.03"]
[SourceVersion "2"]
[SourceVersionDate "2002.08.09"]
[SourceQuality "1"]

1. d4 f5 2. Nf3 Nf6 3. g3 g6 4. Bg2 Bg7 5. 0-0 0-0 6. b3 d6 7. Bb2 Qe8 8. Nbd2 Nc6 9. c4 e5 10. dxe5 dxe5 11. e4 Nxe4 12. Nxe4 fxe4 13. Qd5+ Be6 14. Qxe4 Bf5 15. Qe3 Rd8 16. Rad1 e4 17. Rxd8 Qxd8 18. Bxg7 exf3 19. Bxf8 fxg2 20. Kxg2 Kxf8 21. Rd1 Qe7 22. Qxe7+ Nxe7 23. f3 Kf7 24. g4 Be6 25. Kg3 Nc6 26. Kf4 Kf6 27. Rd2 a5 28. h4 a4 29. Ke4 Ke7 30. Kf4 Kf6 31. Ke4 axb3 32. axb3 Na5 33. Rd3 b6 34. Re3 h5 35. Kf4 Nb7 36. Rc3 Na5 37. Re3 Nc6 38. Rd3 hxg4 39. fxg4 Bxg4 40. Rd2 Bf5 41. Ra2 Na5 42. c5 Be6 43. cxb6 cxb6 44. Rd2 Nxb3 45. Rd6 b5 46. Rb6 Nd4 47. Ke4 Nf5 48. Kf4 Nxh4 49. Rxb5 Nf5 50. Rb6 Ne7 51. Rb1 g5+ 52. Kf3 Bd5+ 53. Kg4 Be6+ 54. Kf3 Ng6 55. Rb4 Ne5+ 56. Kg3 Bc4 57. Rb2 Kf5 58. Rf2+ Kg6 59. Rb2 Nd7 60. Rd2 Nf6 61. Rd4 Be6 62. Rb4 Nd5 63. Ra4 Ne7 64. Rb4 Nf5+ 65. Kf3 Kh5 66. Ra4 Bd5+ 67. Kf2 g4 68. Rb4 Kh4 69. Ra4 Kh3 70. Ra3+ Kh2 71. Rd3 Bc4 72. Rc3 Nd6 73. Rc2 g3+ 74. Kf3+ Kh3 75. Rd2 Nf5 76. Rc2 0-1

[Event "POL-ch U20 Girls"]
[Site "Trzebinia"]
[Date "2002.04.14"]
[Round "4"]
[White "Jurkiewicz, Katarzyna"]
[Black "Vine, Elzbieta"]
[Result "1-0"]
[WhiteElo "2175"]
[BlackElo "2133"]
[PlyCount "65"]
[EventDate "2002.04.12"]
[EventType "tourn"]
[EventRounds "11"]
[EventCountry "POL"]
[SourceTitle "CBM 087 Extra"]
[Source "ChessBase"]
[SourceDate "2002.05.03"]
[SourceVersion "2"]
[SourceVersionDate "2002.08.09"]
[SourceQuality "1"]

1. f4 e5 2. e4 d5 3. exd5 c6 4. dxc6 Nxc6 5. Bb5 exf4 6. Nf3 Bg4 7. d4 Qa5+ 8. Nc3 Bb4 9. Bxc6+ bxc6 10. 0-0 Ne7 11. Bxf4 0-0 12. Ne2 Nd5 13. c3 Nxf4 14. Nxf4 Bd6 15. Qd2 Qc7 16. Ng5 Rae8 17. h3 Bc8 18. Nd3 Bg3 19. Nc5 Bh4 20. Nf3 Bg3 21. Qd3 Qf4 22. Nd2 Qc7 23. Rf3 Bh4 24. Raf1 f5 25. Re3 Bg5 26. Rxe8 Rxe8 27. Nf3 Be3+ 28. Kh1 Qg3 29. Qc4+ Kh8 30. Ne5 h6 31. Ncd3 Be6 32. Qxc6 Re7 33. d5 1-0

[Event "POL-ch U20 Girls"]
[Site "Trzebinia"]
[Date "2002.04.12"]
[Round "1"]
[White "Tekielak, Izabella"]
[Black "Jurkiewicz, Katarzyna"]
[Result "1-0"]
[WhiteElo "2055"]
[BlackElo "2175"]
[PlyCount "53"]
[EventDate "2002.04.12"]
[EventType "tourn"]
[EventRounds "11"]
[EventCountry "POL"]
[SourceTitle "CBM 087 Extra"]
[Source "ChessBase"]
[SourceDate "2002.05.03"]
[SourceVersion "2"]
[SourceVersionDate "2002.08.09"]
[SourceQuality "1"]

1. e4 c5 2. c3 d6 3. d4 Nf6 4. Bd3 Nc6 5. Nf3 Bg4 6. d5 Bxf3 7. Qxf3 Ne5 8. Bb5+ Nfd7 9. Qh3 a6 10. Be2 b5 11. f4 Ng6 12. a4 c4 13. axb5 axb5 14. Rxa8 Qxa8 15. Na3 Qa6 16. 0-0 Kd8 17. Nc2 Nc5 18. Nb4 Qa8 19. e5 e6 20. Bf3 Qa4 21. Be3 dxe5 22. Nc6+ Ke8 23. fxe5 Qa6 24. d6 Nd7 25. Qh5 Qa2 26. Be4 Qa6 27. Bd4 1-0

[Event "POL-ch (Women)"]
[Site "Ostrow Wielkopolski"]
[Date "2002.03.15"]
[Round "11"]
[White "Jurkiewicz, Katarzyna"]
[Black "Zawadzka, Jolanta"]
[Result "1/2-1/2"]
[WhiteElo "2175"]
[BlackElo "2172"]
[PlyCount "124"]
[EventDate "2002.03.05"]
[EventType "tourn"]
[EventRounds "11"]
[EventCountry "POL"]
[EventCategory "1"]
[SourceTitle "CBM 087 Extra"]
[Source "ChessBase"]
[SourceDate "2002.05.03"]
[SourceVersion "2"]
[SourceVersionDate "2002.08.09"]
[SourceQuality "1"]

1. e4 e5 2. Nf3 Nc6 3. Bb5 f5 4. Nc3 Nd4 5. exf5 c6 6. Bd3 Nf6 7. Nxd4 exd4 8. Ne2 Bc5 9. 0-0 0-0 10. c3 d5 11. Ng3 Qd6 12. Qf3 Bd7 13. b3 g6 14. Bb2 dxc3 15. dxc3 Rae8 16. c4 d4 17. Rfe1 g5 18. Rxe8 Rxe8 19. Ne4 Nxe4 20. Bxe4 Qe5 21. Bd3 Bd6 22. g3 Qf6 23. Qg4 c5 24. h4 h6 25. Rf1 Rf8 26. hxg5 hxg5 27. Bc1 Be7 28. f4 Bxf5 29. Bxf5 Qxf5 30. Qxf5 Rxf5 31. fxg5 Rxf1+ 32. Kxf1 Kg7 33. Ke2 Kg6 34. Bf4 Bxg5 35. Bd6 b6 36. Bb8 Bd8 37. Bxa7 Bc7 38. Kd3 Kf5 39. a4 Ke6 40. a5 bxa5 41. Bxc5 Bxg3 42. Bxd4 Kd7 43. Bc3 Bc7 44. Kc2 Kc6 45. Kb2 Kb7 46. Ka3 Ka6 47. Ka4 Bb6 48. Be5 Bc5 49. Bc7 Bb4 50. Bd8 Bc3 51. Be7 Bd2 52. c5 Bb4 53. Bd6 Bc3 54. Bc7 Bb4 55. c6 Bc3 56. Bg3 Kb6 57. c7 Kb7 58. Kb5 Bb4 59. Kc4 Bd2 60. Kc5 Bb4+ 61. Kd5 a4 62. Kc4 axb3 1/2-1/2

[Event "POL-ch (Women)"]
[Site "Ostrow Wielkopolski"]
[Date "2002.03.11"]
[Round "7"]
[White "Socko, Monika"]
[Black "Jurkiewicz, Katarzyna"]
[Result "1-0"]
[WhiteElo "2353"]
[BlackElo "2175"]
[PlyCount "69"]
[EventDate "2002.03.05"]
[EventType "tourn"]
[EventRounds "11"]
[EventCountry "POL"]
[EventCategory "1"]
[SourceTitle "CBM 087 Extra"]
[Source "ChessBase"]
[SourceDate "2002.05.03"]
[SourceVersion "2"]
[SourceVersionDate "2002.08.09"]
[SourceQuality "1"]

1. d4 f5 2. Nf3 Nf6 3. g3 g6 4. Bg2 Bg7 5. 0-0 0-0 6. b3 d6 7. Bb2 Ne4 8. Nbd2 Nc6 9. c4 Nxd2 10. Qxd2 Qe8 11. d5 Ne5 12. Nxe5 dxe5 13. Bc3 Qf7 14. Qb2 e4 15. f3 Bxc3 16. Qxc3 exf3 17. exf3 f4 18. Rae1 e6 19. Re4 fxg3 20. hxg3 exd5 21. cxd5 Bf5 22. Re5 Rad8 23. f4 Rfe8 24. Rfe1 Rxe5 25. Rxe5 Re8 26. Rxe8+ Qxe8 27. Qxc7 Qe1+ 28. Kh2 Qd2 29. Qb8+ Kg7 30. Qxb7+ Kh6 31. Qe7 a5 32. a3 Bd3 33. Qf8+ Kh5 34. Qf6 Kh6 35. g4 1-0

[Event "POL-ch (Women)"]
[Site "Ostrow Wielkopolski"]
[Date "2002.03.09"]
[Round "5"]
[White "Zawadzka, Beata"]
[Black "Jurkiewicz, Katarzyna"]
[Result "1/2-1/2"]
[WhiteElo "2210"]
[BlackElo "2175"]
[PlyCount "47"]
[EventDate "2002.03.05"]
[EventType "tourn"]
[EventRounds "11"]
[EventCountry "POL"]
[EventCategory "1"]
[SourceTitle "CBM 087 Extra"]
[Source "ChessBase"]
[SourceDate "2002.05.03"]
[SourceVersion "2"]
[SourceVersionDate "2002.08.09"]
[SourceQuality "1"]

1. d4 f5 2. Nc3 Nf6 3. Bg5 d5 4. Bxf6 exf6 5. e3 Be6 6. Bd3 Qd7 7. Qd2 Nc6 8. a3 Ne7 9. Nge2 Nc8 10. 0-0-0 c6 11. f3 Nd6 12. Kb1 0-0-0 13. Rhe1 g6 14. Nc1 Kb8 15. Qf2 Ka8 16. h3 h5 17. e4 fxe4 18. fxe4 dxe4 19. Nxe4 Nxe4 20. Bxe4 f5 21. Bf3 Bg7 22. c3 h4 23. Nd3 Qd6 24. Nc5 1/2-1/2

[Event "POL-ch (Women)"]
[Site "Ostrow Wielkopolski"]
[Date "2002.03.07"]
[Round "3"]
[White "Worek, Joanna"]
[Black "Jurkiewicz, Katarzyna"]
[Result "1-0"]
[WhiteElo "2224"]
[BlackElo "2175"]
[PlyCount "61"]
[EventDate "2002.03.05"]
[EventType "tourn"]
[EventRounds "11"]
[EventCountry "POL"]
[EventCategory "1"]
[SourceTitle "CBM 087 Extra"]
[Source "ChessBase"]
[SourceDate "2002.05.03"]
[SourceVersion "2"]
[SourceVersionDate "2002.08.09"]
[SourceQuality "1"]

1. d4 f5 2. Nf3 Nf6 3. g3 g6 4. Bg2 Bg7 5. 0-0 d6 6. b3 0-0 7. Bb2 h6 8. Nbd2 Qe8 9. c4 Na6 10. a3 e5 11. dxe5 Ng4 12. Qc2 Nxe5 13. Nd4 f4 14. Rae1 g5 15. e3 Qh5 16. exf4 gxf4 17. N2f3 Nc5 18. Ba1 Bg4 19. b4 Ncd7 20. Nxe5 dxe5 21. Bd5+ Kh8 22. Ne6 f3 23. h4 Rf6 24. Nxg7 Kxg7 25. Re3 c6 26. Be4 Bh3 27. Rd1 Raf8 28. Rdd3 Nb6 29. Qc3 Bg2 30. Qxe5 Qg4 31. Qe7+ 1-0

[Event "POL-ch U20 Girls"]
[Site "Brzeg Dolny"]
[Date "2001.02.09"]
[Round "3"]
[White "Toma, Katarzyna"]
[Black "Jurkiewicz, Katarzyna"]
[Result "0-1"]
[WhiteElo "2101"]
[BlackElo "2189"]
[PlyCount "54"]
[EventDate "2001.02.07"]
[EventType "tourn"]
[EventRounds "11"]
[EventCountry "POL"]
[SourceTitle "EXT 2002"]
[Source "ChessBase"]
[SourceDate "2001.11.25"]
[SourceVersion "1"]
[SourceVersionDate "2001.11.25"]
[SourceQuality "1"]

1. e4 c5 2. Nf3 d6 3. d4 cxd4 4. Nxd4 Nf6 5. Nc3 Bd7 6. Bg5 e6 7. Ndb5 Bc6 8. Bxf6 gxf6 9. Qh5 a6 10. Nd4 Bd7 11. 0-0-0 Qc7 12. f4 Qc5 13. f5 Nc6 14. Nb3 Qe3+ 15. Kb1 Qg5 16. Qh3 b5 17. Bxb5 axb5 18. Nxb5 Rd8 19. Nxd6+ Bxd6 20. Rxd6 Ke7 21. Rhd1 Qf4 22. Nc5 Bc8 23. Rxd8 Rxd8 24. Nd3 Qxe4 25. Qxh7 Nb4 26. Rc1 Rxd3 27. a3 Rd1 0-1

[Event "Krakow op-A"]
[Site "Krakow"]
[Date "2000.12.31"]
[Round "6"]
[White "Jurkiewicz, Katarzyna"]
[Black "Liwak, Przemyslaw"]
[Result "1/2-1/2"]
[WhiteElo "2184"]
[BlackElo "2307"]
[PlyCount "69"]
[EventDate "2000.12.??"]
[EventType "swiss"]
[EventRounds "9"]
[EventCountry "POL"]
[SourceTitle "EXT 2005"]
[Source "ChessBase"]
[SourceDate "2004.11.15"]
[SourceVersion "1"]
[SourceVersionDate "2004.11.15"]
[SourceQuality "1"]

1. f4 Nf6 2. Nf3 g6 3. g3 Bg7 4. Bg2 0-0 5. d3 d5 6. 0-0 c5 7. Nc3 b6 8. e4 dxe4 9. dxe4 Bb7 10. Qxd8 Rxd8 11. e5 Ne8 12. Be3 Na6 13. Ng5 Bxg2 14. Kxg2 Nb4 15. Rac1 Nc7 16. Nf3 f5 17. a3 Nc6 18. Rfd1 Bf8 19. Bf2 e6 20. h3 Be7 21. g4 Kf7 22. Bh4 Bxh4 23. Nxh4 fxg4 24. hxg4 g5 25. Rd6 Nxe5 26. fxe5 gxh4 27. Rcd1 Rxd6 28. exd6 Nd5 29. Nxd5 exd5 30. Rxd5 Rd8 31. Kh3 Ke6 32. Rd2 Rxd6 33. Re2+ Kf6 34. Kxh4 Kg6 35. Rf2 1/2-1/2

[Event "POL-chT 56th"]
[Site "Zakopane"]
[Date "2000.09.08"]
[Round "6"]
[White "Jurkiewicz, Katarzyna"]
[Black "Szmigielska, Anna"]
[Result "1-0"]
[WhiteElo "2184"]
[BlackElo "2170"]
[PlyCount "83"]
[EventDate "2000.09.02"]
[EventType "team-tourn"]
[EventRounds "11"]
[EventCountry "POL"]
[SourceTitle "EXT 2019"]
[Source "ChessBase"]
[SourceDate "2018.10.10"]
[SourceVersion "1"]
[SourceVersionDate "2018.10.10"]
[SourceQuality "1"]
[WhiteTeam "Plock PTSz"]
[BlackTeam "Suwalki Hancza"]
[WhiteTeamCountry "POL"]
[BlackTeamCountry "POL"]

1. e4 c5 2. Nf3 Nc6 3. d4 cxd4 4. Nxd4 e5 5. Nb5 d6 6. Be3 Nf6 7. Bg5 a6 8. Bxf6 gxf6 9. N5c3 Be6 10. Nd2 f5 11. Bc4 Bxc4 12. Nxc4 fxe4 13. Nxe4 d5 14. Qxd5 Qxd5 15. Nf6+ Kd8 16. Nxd5 b5 17. Nce3 Bc5 18. c3 Rc8 19. 0-0 Kd7 20. Kh1 Ke6 21. f4 Bxe3 22. Nxe3 f5 23. fxe5 Rhf8 24. Nc2 Rcd8 25. Rad1 Rxd1 26. Rxd1 Kxe5 27. Nd4 Nxd4 28. Rxd4 f4 29. Kg1 f3 30. g3 a5 31. Kf2 a4 32. Rb4 Rd8 33. Rxb5+ Ke4 34. Rb4+ Kd3 35. Rd4+ Rxd4 36. cxd4 Kxd4 37. Kxf3 Kd3 38. Kg4 Kc2 39. b4 Kb2 40. b5 Kxa2 41. b6 Kb2 42. b7 1-0

[Event "EU-ch U20 Girls"]
[Site "Aviles"]
[Date "2000.08.20"]
[Round "5"]
[White "Paehtz, Elisabeth"]
[Black "Jurkiewicz, Katarzyna"]
[Result "1/2-1/2"]
[WhiteElo "2343"]
[BlackElo "2184"]
[PlyCount "52"]
[EventDate "2000.08.18"]
[EventType "swiss"]
[EventRounds "11"]
[EventCountry "ESP"]
[SourceTitle "CBM 077 Extra"]
[Source "ChessBase"]
[SourceDate "2000.09.14"]
[SourceVersion "1"]
[SourceVersionDate "2000.09.14"]
[SourceQuality "1"]

1. e4 c5 2. Nf3 Nc6 3. b3 d6 4. Bb5 e5 5. Bxc6+ bxc6 6. 0-0 Be7 7. Re1 f5 8. Qe2 Nf6 9. exf5 Bxf5 10. d3 0-0 11. h3 Qd7 12. Nbd2 Nd5 13. Ne4 Bg6 14. c4 Nf4 15. Bxf4 Bxe4 16. dxe4 Rxf4 17. Rad1 Qe6 18. Rd3 Raf8 19. Rf1 Qg6 20. Nd2 Bh4 21. Rf3 Rxf3 22. Nxf3 Be7 23. Kh2 Qh5 24. Nd4 Qxe2 25. Nxe2 Rb8 26. Ng3 g6 1/2-1/2

[Event "EU-ch U20 Girls"]
[Site "Aviles"]
[Date "2000.08.18"]
[Round "3"]
[White "Jurkiewicz, Katarzyna"]
[Black "De los Santos Honrubia, Maria"]
[Result "1-0"]
[WhiteElo "2184"]
[BlackElo "2059"]
[PlyCount "141"]
[EventDate "2000.08.18"]
[EventType "swiss"]
[EventRounds "11"]
[EventCountry "ESP"]
[SourceTitle "CBM 077 Extra"]
[Source "ChessBase"]
[SourceDate "2000.09.14"]
[SourceVersion "1"]
[SourceVersionDate "2000.09.14"]
[SourceQuality "1"]

1. e4 c5 2. Nf3 d6 3. d4 cxd4 4. Nxd4 Nf6 5. Nc3 a6 6. Bg5 e6 7. f4 Nbd7 8. Qf3 Qc7 9. 0-0-0 Be7 10. g4 b5 11. Bxf6 Nxf6 12. g5 Nd7 13. f5 Bxg5+ 14. Kb1 Ne5 15. Qh5 Qd8 16. h4 Bf6 17. fxe6 0-0 18. Bh3 g6 19. Qe2 fxe6 20. Bxe6+ Kh8 21. h5 Qe8 22. Bxc8 Rxc8 23. hxg6 Qxg6 24. Nd5 Nc4 25. Rdg1 Qf7 26. Qd3 Rg8 27. Rf1 Rg6 28. Nxf6 Rxf6 29. Rxf6 Qxf6 30. e5 Qe7 31. Qf5 Re8 32. Nf3 Rg8 33. e6 Rg7 34. b3 Ne3 35. Qe4 Ng4 36. Rh4 Nf6 37. Qf5 Ne8 38. Rh5 Nf6 39. Rh1 Ne8 40. Nh4 Kg8 41. Qe4 Qb7 42. Qxb7 Rxb7 43. Nf5 Rc7 44. Rg1+ Kf8 45. Rd1 Rc6 46. Rf1 Rc7 47. Ne3+ Kg8 48. Nd5 Rg7 49. Kb2 h5 50. Rf5 h4 51. Nf4 Nc7 52. Ka3 Rh7 53. Nh5 Re7 54. Rg5+ Kf8 55. Rg4 Nxe6 56. Rxh4 Nc5 57. Rd4 Re6 58. Nf4 Rh6 59. Kb4 Ke7 60. Ka5 Rh2 61. Nd5+ Ke6 62. Nb4 Ke5 63. Rd1 Re2 64. Kb6 Rh2 65. Rc1 Kd4 66. c3+ Ke5 67. Re1+ Kf5 68. Nxa6 Nxa6 69. Kxa6 b4 70. c4 Rxa2+ 71. Kb5 1-0

[Event "POL-chT U19 31st"]
[Site "Wisla"]
[Date "2000.07.24"]
[Round "6.5"]
[White "Skrochocka, Justyna"]
[Black "Jurkiewicz, Katarzyna"]
[Result "1/2-1/2"]
[WhiteElo "2035"]
[BlackElo "2184"]
[PlyCount "38"]
[EventDate "2000.07.19"]
[EventType "team-tourn"]
[EventRounds "11"]
[EventCountry "POL"]
[SourceTitle "EXT 2005"]
[Source "ChessBase"]
[SourceDate "2004.11.15"]
[SourceVersion "1"]
[SourceVersionDate "2004.11.15"]
[SourceQuality "1"]
[WhiteTeam "Jaworzno JKSz MCKiS U19"]
[BlackTeam "Plock PTSz U19"]
[WhiteTeamCountry "POL"]
[BlackTeamCountry "POL"]

1. e4 c5 2. Nf3 Nc6 3. d4 cxd4 4. Nxd4 Nf6 5. Nc3 e5 6. Ndb5 d6 7. Bg5 a6 8. Na3 b5 9. Bxf6 gxf6 10. Nd5 f5 11. g3 fxe4 12. Bg2 Bf5 13. f3 e3 14. Nxe3 Be6 15. f4 Qb6 16. Nd5 Bxd5 17. Bxd5 Qe3+ 18. Qe2 Qxe2+ 19. Kxe2 Rc8 1/2-1/2